000 00773nam a22002177a 4500
999 _c162986
_d162986
005 20190325143644.0
008 190325b ||||| |||| 00| 0 eng d
010 _aENG-124928
020 _c499.00
_a9789384061999
035 _aEN-108460
037 _bDBAD/PUB
040 _aDPL
_bEnglish
100 _aSolanki, Jitendra P.S.
245 _aFinancial planning for families having children with special needs/
_bby Jitendra P.S.Solanki; ed.by Aasha Gulrjani Swarup
260 _aNew Delhi
_bNetwork18 Publications
_c2017
270 _a507, Prabhat Kiran, 17, Rajendra Place,
_bNew Delhi
_e110 008
300 _a236p. :
_c24cm (Hb)
_bill.
500 _aA comprehensive guide to plan for two generation
700 _aAasha Gulrjani Swarup
942 _adpl
_cEN
_2ddc
_mSOL